LIBRARY & INFORMATION CENTRE, KCAET, TAVANUR

ONLINE PUBLIC ACCESS CATALOGUE (OPAC)

Fundamentals of microelectronics / (Record no. 13950)

MARC details
000 -LEADER
fixed length control field 00348cam a22001337a 4500
020 ## - INTERNATIONAL STANDARD BOOK NUMBER
ISBN 9780471478461 (hbk.)
082 04 - DEWEY DECIMAL CLASSIFICATION NUMBER
Classification number 621.381
Item number RAZ/FU
100 1# - MAIN ENTRY--AUTHOR NAME
Personal name Razavi, Behzad.
245 10 - TITLE STATEMENT
Title Fundamentals of microelectronics /
260 ## - PUBLICATION, DISTRIBUTION, ETC. (IMPRINT)
Place of publication New Delhi :
Name of publisher Wiley India
Year of publication c2008.
300 ## - PHYSICAL DESCRIPTION
Number of Pages xxiii, 936 p. :
Other physical details ill. ;
650 #0 - SUBJECT ADDED ENTRY--TOPICAL TERM
Topical Term Microelectronics
942 ## - ADDED ENTRY ELEMENTS (KOHA)
Koha item type Books
Holdings
Withdrawn status Lost status Damaged status Collection code Home library Current library Shelving location Date acquired Source of acquisition Full call number Accession Number Koha item type
      Non-fiction KAUAET KAUAET General Stacks 30/03/2013 Calicut Book Distributors 621.381 RAZ/FU 23730 Books
free website counter